000 00618nas a2200217 4500
001 BR9505839
003 BR-BrBNA
005 20231205094447.0
007 ta
008 230509b bl.|||p| |||| 00| 00por d
040 _aBR-BrBNA
_bpor
_cBiblioteca Nacional de Agricultura
041 _a(Pt)
072 _aL74
100 1 _aValente, F. de A.T.
245 1 _aMalformacoes em suinos
650 _aSUÍNO
650 _aMalformacao
773 0 _tChacaras e Quintais. Agricultura e Pecuaria (Brazil)
_x
_g(Oct 1968), v. 59(706) p. 28-29
_wBR9505839
909 _a202311
_bLúcia
_c55
_dLúcia Elande
942 _2AGRIS
_n0
_cANA
999 _c144486
_d144486